[Event "Vojvodina op 8th"]
[Site "Novi Sad"]
[Date "2017.07.18"]
[Round "3"]
[White "Tomin, Ksenija"]
[Black "Bala, Karlo"]
[Result "0-1"]
[WhiteElo "2028"]
[BlackElo "2264"]
[PlyCount "110"]
[EventDate "2017.07.16"]
[EventType "swiss"]
[EventRounds "9"]
[EventCountry "SRB"]
[SourceTitle "EXT 2018"]
[Source "ChessBase"]
[SourceDate "2017.10.13"]
[SourceVersion "1"]
[SourceVersionDate "2017.10.13"]
[SourceQuality "1"]

1. e4 Nf6 2. e5 Nd5 3. d4 Nb6 4. c4 d6 5. exd6 cxd6 6. Nc3 g6 7. Be3 Bg7 8. Nf3 0-0 9. Be2 Bg4 10. h3 Bxf3 11. Bxf3 Nc6 12. b3 e6 13. Rc1 d5 14. c5 Nc8 15. Qd2 N8e7 16. g4 f5 17. Bg2 e5 18. Bg5 e4 19. Ne2 Qd7 20. b4 a6 21. a4 a5 22. b5 Nb4 23. Nf4 Rae8 24. Bf1 fxg4 25. Bxe7 Rxe7 26. c6 bxc6 27. bxc6 Qd6 28. c7 Rc8 29. hxg4 Rexc7 30. Rxc7 Rxc7 31. Be2 Rf7 32. Ng2 Bxd4 33. Ne3 Bxe3 34. fxe3 Qg3+ 35. Kd1 Rc7 36. Qd4 Rc8 37. Qb6 Qe5 38. Qd4 Qxd4+ 39. exd4 Nc6 40. Ba6 Rb8 41. Kd2 Nxd4 42. Ke3 Ne6 43. Rd1 Rb3+ 44. Kf2 Nf4 45. Bb5 g5 46. Ke1 Kg7 47. Rc1 e3 48. Kd1 d4 49. Rc7+ Kf6 50. Rc6+ Ke7 51. Rc7+ Kd6 52. Rxh7 d3 53. Rd7+ Ke6 54. Bc4+ Kxd7 55. Bxb3 Ng2 0-1

[Event "Vojvodina-ch 3rd"]
[Site "Novi Sad"]
[Date "2012.07.03"]
[Round "7"]
[White "Radlovacki, Jovan"]
[Black "Bala, Karlo"]
[Result "1-0"]
[WhiteElo "2412"]
[BlackElo "2232"]
[PlyCount "57"]
[EventDate "2012.06.29"]
[EventType "swiss"]
[EventRounds "9"]
[EventCountry "SRB"]
[SourceTitle "CBM 149 Extra"]
[Source "ChessBase"]
[SourceDate "2012.08.24"]
[SourceVersion "1"]
[SourceVersionDate "2012.08.24"]
[SourceQuality "1"]

1. e4 e6 2. d3 c5 3. g3 Nc6 4. Bg2 g6 5. Nf3 Bg7 6. 0-0 Nge7 7. c3 d5 8. Qe2 b6 9. e5 h6 10. h4 Qc7 11. Re1 Ba6 12. a3 g5 13. hxg5 hxg5 14. Bxg5 Ng6 15. c4 Ncxe5 16. Nc3 0-0 17. Nxe5 Qxe5 18. Qd2 Qf5 19. cxd5 Bxc3 20. bxc3 exd5 21. d4 Bc4 22. Be3 Rac8 23. Kh2 Rc7 24. Bh6 Rd8 25. Bh3 Qf3 26. Qg5 Rd6 27. Bg2 Qf6 28. Re8+ Kh7 29. Qh5 1-0

[Event "Vojvodina Cup"]
[Site "Banja Junakovic"]
[Date "2007.04.29"]
[Round "2.4"]
[White "Bala, Karlo"]
[Black "Galic, Vukasin"]
[Result "0-1"]
[WhiteElo "2190"]
[BlackElo "2181"]
[PlyCount "50"]
[EventDate "2007.04.28"]
[EventType "team"]
[EventRounds "5"]
[EventCountry "YUG"]
[SourceTitle "EXT 2008"]
[Source "ChessBase"]
[SourceDate "2007.11.25"]
[SourceVersion "1"]
[SourceVersionDate "2007.11.25"]
[SourceQuality "1"]

1. e4 c5 2. Nf3 d6 3. d4 cxd4 4. Nxd4 Nf6 5. Nc3 a6 6. Bg5 e6 7. f4 Nbd7 8. Qf3 Qc7 9. 0-0-0 Be7 10. g4 b5 11. Bxf6 gxf6 12. f5 Ne5 13. Qh3 Bd7 14. Kb1 Qc8 15. Bg2 Ra7 16. Rhf1 Kd8 17. Nce2 Kc7 18. Nf4 Kb8 19. Qb3 Nc4 20. fxe6 fxe6 21. Nh5 Rf8 22. Rf2 Qc5 23. Ng7 e5 24. Rf5 Bxf5 25. Ndxf5 Nd2+ 0-1